Fin fun fan / (Registro nro. 14499)

Detalles MARC
000 -LIDER
fixed length control field 01471nam a22003017a 4500
003 - IDENTIFICACDOR DE NÚMERO DE CONTROL
control field DO-SdBNP
005 - DATE AND TIME OF LATEST TRANSACTION
control field 20231206104443.0
008 - ELEMENTOS DE LONGITUD FIJA
fixed length control field 210426b 2020 dr 00| 0 spa d
020 ## - ISBN
International Standard Book Number
040 ## - FUENTE DE CATALOGACIÓN
Agencia que crea de manera original el registro BPMSU
Idioma de catalogación spa
Agencia que realiza la transcripción BPMSU
082 #4 - NÚMERO DE CLASIFICACIÓN DECIMAL DE DEWEY
Classification number RD863.5
Item number L693f 2020
Edition number 22
092 ## - LOCALLY ASSIGNED DEWEY DECIMAL CALL NUMBER
Número de clasificación
100 1# - ASIENTO PRINCIPAL -- NOMBRE PERSONAL
Nombre personal Liao, Yuan-Fuei
Fechas asociadas con el nombre
245 10 - MENCIÓN DE TITULO
Título Fin fun fan /
Mención de responsabilidad Yuan-Fuei Liao ; ilustración: Elyoenay Tejada ; dirección general: Cledenin Veras ; diseño de método: Laura V. Sánchez-Vincitore
260 ## - PUBLICACIÓN, DISTRIBUCIÓN, ETC. (PIE DE IMPRENTA)
Lugar de publicación, distribución, etc Santo Domingo:
Nombre del editor, distribuidor, etc. Agencia de los Estados Unidos para el Desarrollo Internacional (USAID) ;
-- Universidad Iberoamericana (UNIBE),
Fecha de publicación, distribución, etc 2020
300 ## - DESCRIPCIÓN FÍSICA
Extensión 9 p. :
Otros detalles físicos ils. ;
Dimensiones 21 cm.
490 0# - MENCIÓN DE SERIES
Mención de serie Colección de Libros Decodificables USAID-Leer ;
Volume/sequential designation D2
500 ## - NOTA GENERAL
Materiales especificados Los libros decodificables están compuestos de textos redactados con dificultad progresiva. Cada etapa decodificable enfatiza ciertas combinaciones de letras y sonidos tomando en cuenta el orden de frecuencia en la que aparecen en el idioma español, y el nivel de dificultad de la relación letra-sonidos.
505 0# - NOTA DE CONTENIDO
Texto normalizado de contenido Tipologías textuales -- Narración literaria -- Mensajes de textos
590 ## - NOTA LOCAL
Texto de la nota local Inventariado, 2023/VM
650 #4 - ENCABEZAMIENTO DE MATERIA--TEMÁTICO
Término temático o nombre geográfico como elemento de entrada Cuentos juveniles dominicanos
650 #4 - ENCABEZAMIENTO DE MATERIA--TEMÁTICO
Término temático o nombre geográfico como elemento de entrada Literatura juvenil dominicana
650 #4 - ENCABEZAMIENTO DE MATERIA--TEMÁTICO
Término temático o nombre geográfico como elemento de entrada Redes sociales
Subdivisión de forma Cuentos juveniles.
650 #4 - ENCABEZAMIENTO DE MATERIA--TEMÁTICO
Término temático o nombre geográfico como elemento de entrada Literatura juvenil dominicana
700 1# - ASIENTO SECUNDARIO -- NOMBRE PERSONAL
Materiales especificados Tejada, Elyoenay
Mención de responsabilidad iss
910 ## - VALIDACIÓN
Validación VMateo V. Control de calidad. BPMSU
942 ## - ADDED ENTRY ELEMENTS (KOHA)
Source of classification or shelving scheme Dewey Decimal Classification
Koha item type Libros
Existencias
Withdrawn status Lost status Source of classification or shelving scheme Damaged status Not for loan Collection code Home library Current library Date acquired Total Checkouts Full call number Barcode Date last seen Price effective from Koha item type Copy number
    Dewey Decimal Classification     Colección Infantil Dominicana Biblioteca Pública Metropolitana Salomé Ureña Biblioteca Pública Metropolitana Salomé Ureña 12/06/2023   BPMSU CDI RD863.5 L693f 2020 BPMSU23120013 12/06/2023 12/06/2023 Libros  
    Dewey Decimal Classification     Colección Infantil Dominicana Biblioteca Pública Metropolitana Salomé Ureña Biblioteca Pública Metropolitana Salomé Ureña 12/06/2023   BPMSU CDI RD863.5 L693f 2020 BPMSU23120014 12/06/2023 12/06/2023 Libros e.2
    Dewey Decimal Classification     Colección Infantil Dominicana Biblioteca Pública Metropolitana Salomé Ureña Biblioteca Pública Metropolitana Salomé Ureña 12/06/2023   BPMSU CDI RD863.5 L693f 2020 BPMSU23120015 12/06/2023 12/06/2023 Libros e.3